Statistics for Countries in the Korean War

Click here to take the quiz!

General Stats

  • This quiz has been taken 69 times
  • The average score is 15 of 20

Answer Stats

Continent Country % Correct
North AmericaUnited States of America
100%
AsiaChina
98%
EuropeUnited Kingdom
95%
AsiaSouth Korea
95%
AsiaNorth Korea
94%
OceaniaAustralia
92%
EuropeFrance
90%
Asia/ EuropeSoviet Union
89%
Asia/ EuropeTurkey
87%
North AmericaCanada
87%
OceaniaNew Zealand
81%
AfricaSouth Africa
76%
Europethe Netherlands
69%
EuropeBelgium
68%
South AmericaColombia
65%
EuropeGreece
63%
AsiaThailand
56%
Asiathe Philippines
53%
EuropeLuxembourg
44%
AfricaEthiopia
44%

Score Distribution

Percentile by Number Answered

Percent of People with Each Score

Your Score History

You have not taken this quiz